Campeões da Copa da Ásia - Statistics

Estatísticas Gerais
  • Esse quiz foi jogado 77 vezes
  • A pontuação média é 20 de 27
Estatísticas das Respostas
Resposta % Correto
China
100%
Japão
100%
Coréia do Sul
98%
Arábia Saudita
95%
Irã
94%
Catar
90%
Coréia do Norte
90%
Índia
90%
Iraque
89%
Indonésia
87%
Israel
82%
Emirados Árabes Unidos
81%
Tailândia
81%
Vietnã
79%
Austrália
77%
Jordânia
76%
Kuwait
73%
Malásia
71%
Uzbequistão
69%
Líbano
65%
Bahrein
63%
República Khmer
60%
Taiwan
60%
Myanmar
58%
Singapura
55%
Hong Kong
34%
Vietnã do Sul
6%
Nenhum quiz correspondente encontrado
Distribuição das Pontuações
Porcentagem de Pessoas com Cada Pontuação
Percentil de Números Respondidos
Sua Pontuação Histórica
Você não jogou esse quiz